000 00717nam a2200241Ia 4500
003 OSt
005 20220924115140.0
006 a|||||r|||| 00| 0
007 ta
008 220923b |||||||| |||| 00| 0 hin d
024 _a12176
037 _cTextual
040 _aARTS
_cARTS
_bhin
041 _2hin
_ahin
082 _a/\2:864:g(L:4), 152M4-;1 (P15)
100 _aChaturvedi Shukdev Prasad
_9176988
245 0 _aJyotish shastra mein rog vichar
260 _aDe;lhi
_bMotilal Banarsidass
_c1984
300 _a240p. Bibliography
_ccm.
650 _aSPIRurdALISM
942 _h/\2:864:g(L:4), 152M4-;1 (P15)
_cTEXL
_2CC
999 _c396998
_d396998